| 000 | 02345nam a22002657a 4500 | ||
|---|---|---|---|
| 999 |
_c63067 _d63067 |
||
| 003 | Ge_BSU | ||
| 005 | 20250528165645.0 | ||
| 008 | 250528s2023 ge ||||| |||| 00| 0 geo d | ||
| 020 | _a9789941978951 | ||
| 041 | _ageo | ||
| 080 | _a392(100) : 821.135.1-4 ე-56 | ||
| 100 |
_aელიადე, მირჩა _925159 |
||
| 245 |
_aინიციაცია, რიტუალები, საიდუმლო საზოგადოებები : _b მისტიკური დაბადებები, ესეი ზოგიერთი ტიპის ინიციაციის შესახებ = Initiation, rites, societes secretes : Naissances mystiques Essai sur quelquen types d'initiation / _c მირჩა ელიადე; ფრანგულიდან თარგმნა თამარ ლომიძემ; სამეცნიერო რედაქტორი და წინასიტყვაობა ხათუნა თავდგირიძე; რედაქტორი ელზა ახვლედიანი; ყდის დიზაინი მარიამ ჭკადუა. |
||
| 264 |
_aთბილისი : _bალეფი, _c2023. |
||
| 300 |
_a306 გვ. ; _b20 სმ. |
||
| 500 | _aპუბლიკაცია დაფინანსებულია რუმინული კულტურის ინსტიტუტის ფინანსური მხარდაჭერით. | ||
| 504 | _aბიბლიოგრაფია ტექსტის შენიშვნებში. | ||
| 653 | _aმსოფლიოს ქვეყნების რიტუალები | ||
| 653 | _aსაკაცობრიო კულტურა -- ინიციაციები. | ||
| 700 |
_aლომიძე, თამარ _eმთარგმნელი _913566 |
||
| 700 |
_aთავდგირიძე, ხათუნა _eსამეცნიერო რედაქტორი, წინასიტყვაობის ავტორი. _925163 |
||
| 700 |
_aახვლედიანი, ელზა _eრედაქტორი _925164 |
||
| 700 |
_aჭკადუა, მარიამ _eყდის დიზაინერი _925162 |
||
| 942 |
_2udc _cᲬᲘᲒᲜᲘ |
||